| 000 | 00631nam a2200193 a 4500 | ||
|---|---|---|---|
| 005 | 20140412111333.0 | ||
| 008 | 050418s19uu xx 00 eng d | ||
| 020 | _a0-86530-131-X | ||
| 050 | _aTR(GS 371.335 6 1986 | ||
| 100 | _aForte, Imogene | ||
| 245 |
_aScience bulletin boards / _cImogene Forte & Mary Ann Pangle. |
||
| 260 |
_aNashville, Tennessee : _bIncentive Publication, Inc, _c1986. |
||
| 300 | _a63 p. ; ill. | ||
| 440 | _aEasy to make and use | ||
| 500 | _awith activities to supplement your daily science program. | ||
| 650 |
_aScience _xJuvenile literature |
||
| 650 |
_aScience _xActivities |
||
| 999 |
_c104967 _d104967 |
||